000 00638cab a2200205 4500
001 WB3144-09
008 090401t1995 xxu||||| |||| 00| 0 eng d
035 _a(Sirsi) u35141
041 _aeng
245 _aBarclays PICs are popular
260 _c1995
350 _a0
490 _aProperty Week
_v53(8) 23 November 1995
520 _aBarclays Property Income Certificates are proving a popular form of investment in property.
650 _aPROPERTY INCOME CERTIFICATES
650 _aPROPERTY INVESTMENT
690 _aPROPERTY-COMMERCIAL PROPERTY-COMMERCIAL PROPERTY FINANCE AND INVESTMENT
942 _n0
948 _c04/03/1997
999 _c23057
_d23057